Score 0/20 Timer 06:00
0 Plays Today
Question Answer Wrong Answers
Harry needs to chase the Dementors away from from an unconscious Sirius Black before they administer their kiss. Which spell should he cast? Expecto Patronum
97%
Avada Kedavra
1.3%
Incarcerous
1%
Tarantellegra
0.8%
Barty Crouch Jr. (posing as Moody) needs to make a spider larger so that he can demonstrate the unforgivable curses to his class. What spell should he use? Engorgio
92.7%
Meteolojinx Recanto
1.4%
Oppugno
1.4%
Point Me
0.6%
Dumbledore needs to illuminate the darkened forest to see if he can find Barty Crouch. What spell should he use? Lumos
92.1%
Incendio
4.1%
Liberacorpus
1.2%
Orchideous
1%
Hermione needs to unlock the door to the room that Fluffy is sleeping in so she, Harry and Ron can hide from Filch. Which spell should she cast? Alohomora
92%
Evanesco
1.1%
Impedimenta
2.4%
Langlock
3.4%
Draco needs to freeze Harry's cloaked body on the train so that he can stop him from spying on the Slytherins. What spell should he use? Petrificus Totalus
91%
Portus
0.9%
Protego
1.9%
Protego Totalum
3.2%
Professor Lupin is teaching his students how to deal with a Boggart. What spell should he use? Riddikulus
90%
Impervious
2.4%
Quietus
1.4%
Relashio
1.3%
Professor Flitwick needs to teach his students to levitate things (even if Ron is going to pronounce it wrong). What spell should he use? Wingardium Leviosa
89.4%
Locomotor
0.8%
Levicorpus
2.2%
Ferula
0.5%
Amos Diggory needs to see what the last spell out of Harry's wand was so that he trace the source of the Dark Mark above the Quidditch World Cup. What spell should he use? Prior Incantato
89%
Quietus
1%
Aparecium
4%
Defodio
2.4%
Voldemort intends to kill Bertha Jorkins to make his last horcrux. What spell should he use? Avada Kedavra
87.7%
Cave Inimicum
1.3%
Crucio
3.2%
Brachiabindo
1.4%
Mrs. Weasley needs to summon the Weasley's Wizard Wheezes products out of Fred and George's pockets before they leave the house. What spell should she use? Accio
87%
Anapneo
1.8%
Aparecium
3.9%
Avis
1%
James Potter is looking to embarrass Severus Snape in front of their classmates by hoisting him into the air by his ankles. What spell should he use? Levicorpus
86.3%
Leglock
4.1%
Repello Muggletum
1.5%
Salvio Hexia
2.4%
Ludo Bagman needs to make his voice incredibly loud so that he can address the entire crowd at the Quidditch World Cup. What spell should he use? Sonorus
84.9%
Wingardium Leviosa
1%
Tergeo
4.6%
Anapneo
3.8%
Sirius needs to float Snape's unconscious body so that he can transport it from the Shrieking Shack back to the castle. What spell should he use? Mobilicorpus
82.3%
Mobiliarbus
7.8%
Molliare
2.2%
Moliere
1.2%
Snape needs to try to get inside Harry's memories as part of his training in Occlumency. What spell should he use? Legilimens
81.8%
Molliare
3.2%
Muffliato
2.5%
Rictumsempra
8.3%
Luna, Neville and others need to reduce the shelves in the Hall of Prophecy to dust so that the prophecies will come crashing down on the heads of the Death Eaters. What spell should they use? Reducto
81.4%
Relashio
6.3%
Reparo
2.3%
Repello
3.1%
Ginny needs to clean up the stinksap that has spilled all over the Hogwarts Express. What spell should she use? Scourgify
80.3%
Stupefy
2.1%
Sporclefy
5.2%
Waddiwasi
7%
The Death Eaters need to cast the Dark Mark over Hogwarts to lure Harry and Dumbledore back to the castle after their trip to the cave. What spell should they use? Morsmordre
79.8%
Molliare
3.6%
Mobilicorpus
7%
Muffliato
3.5%
Mr. Ollivander needs to produce a bouquet of flowers from Fleur's wand to test it before the Triwizard Tournament begins. What spell should he use? Orchideous
79.6%
Liberacorpus
2.3%
Glisseo
4.8%
Geminio
6.6%
Tonks needs to fix Harry's broken nose so that it will stop bleeding. What spell should she use? Episkey
71.3%
Erecto
10.9%
Emancipare
11.6%
Expulso
3.8%
Professor McGonagall needs to bring the statues of Hogwarts to life in order to defend the castle from Voldemort's army. What spell should she use? Piertotum Locomotor
58.5%
Locomotor Mortis
28.3%
Rennervate
7.6%
Incendio
1.1%
Remove Ads.
Support Sporcle.
Get the best of Sporcle when you Go Orange. This ad-free experience offers more features, more stats, and more fun while also helping to support Sporcle. Thank you for becoming a member.

You're not logged in!

Compare scores with friends on all Sporcle quizzes.
OR
Log In

Show Comments

Extras

Top Quizzes Today


Score Distribution

Your Account Isn't Verified!

In order to create a playlist on Sporcle, you need to verify the email address you used during registration. Go to your Sporcle Settings to finish the process.

Report this User

Report this user for behavior that violates our Community Guidelines.

Details: